000
00263pab a2200109 454500
008
180718b xxu||||| |||| 00| 0 eng d
100
_a
Shafi, Sayed S
245
_a
Crisis in the air and ground
650
_a
Environment
773
_a
Financial Express
909
_a
21746
999
_c
21746
_d
21746